Statistics for Coat of arms where a ship appears (by picture)

Click here to take the quiz!

General Stats

  • This quiz has been taken 13 times
  • The average score is 18 of 21

Answer Stats

Answer% Correct
Costa Rica
100%
Fiji
100%
Liberia
100%
Marshall Islands
100%
New Zealand
100%
Qatar
100%
Tunisia
100%
Bahamas
90%
Colombia
90%
Ecuador
90%
Kuwait
90%
Mauritius
90%
Belize
80%
Dominica
80%
Gabon
80%
Saint Kitts and Nevis
80%
Seychelles
80%
Trinidad and Tobago
80%
Suriname
70%
Grenada
60%
Benin
50%

Score Distribution

Percentile by Number Answered

Percent of People with Each Score

Your Score History

You have not taken this quiz